| 000 | 00874nam a2200205Ia 4500 | ||
|---|---|---|---|
| 003 | Ost | ||
| 005 | 20260507075632.0 | ||
| 008 | 260507s9999||||xx |||||||||||||| ||und|| | ||
| 040 | _cfsecg | ||
| 041 | _aara | ||
| 082 | _a658.8 | ||
| 100 |
_aشاستون، لان _eمؤلف |
||
| 245 | 0 |
_aالتمييز التسويقي / _c لان شاستون |
|
| 260 |
_aالرياض: _bالمؤتمن للتوزيع, _c1998 |
||
| 300 |
_a223 صفحة؛ _c21 سم |
||
| 504 | _aالمراجع ص.314 | ||
| 520 | _aتجد في هذا الكتاب : ادارة المراجع التسويقية ، الأمكانيات الداخلية ونقاط الضعف، بنية العمل، الفرص ومصدر التغير ، إختيار الإستراتجيات المناسبة ، إدارة المنشأت الجديدة | ||
| 653 | _aإدارة التسويق | ||
| 942 | _cكتاب | ||
| 999 |
_c45238 _d45238 |
||